[Event "Capo d'Orso Open"]
[Site "Porto Mannu Palau ITA"]
[Date "2008.05.23"]
[Round "8"]
[White "Brunello,S"]
[Black "Friedrich,N"]
[Result "1-0"]
[WhiteElo "2475"]
[BlackElo "2323"]

1.d4 d5 2.c4 c6 3.Nc3 Nf6 4.e3 e6 5.Nf3 Nbd7 6.Qc2 b6 7.Bd3 Bb7 8.O-O dxc4
9.Bxc4 c5 10.Rd1 Qc7 11.Qe2 a6 12.e4 cxd4 13.Nxd4 b5 14.Bb3 Nc5 15.e5 Nfd7
16.Bf4 Be7 17.Rac1 Qb6 18.Bc2 b4 19.Na4 Qa5 20.Nxc5 Nxc5 21.Qg4 g6 22.Bh6 O-O-O
23.a3 bxa3 24.Bd2 Qb6 25.b4 Nd7 26.Be4+ Kb8 27.Bxb7  1-0

[Event "XXVII Open"]
[Site "Zalakarosi HUN"]
[Date "2008.05.23"]
[Round "2"]
[White "Wang Puchen"]
[Black "Waller,H"]
[Result "1-0"]
[WhiteElo "2397"]
[BlackElo "2122"]

1.d4 d5 2.c4 c6 3.Nf3 Nf6 4.Nc3 e6 5.e3 Nbd7 6.Qc2 Be7 7.Bd3 dxc4 8.Bxc4 b5
9.Be2 Bb7 10.O-O O-O 11.e4 b4 12.Na4 c5 13.e5 Be4 14.Bd3 Bxd3 15.Qxd3 Nd5
16.dxc5 Nxc5 17.Nxc5 Bxc5 18.Ng5 g6 19.Ne4 Be7 20.Bh6 Re8 21.Rad1 Qc7 22.Qg3 Qc2
23.Qf3 Qxb2 24.Nd6 Bxd6 25.exd6 Rad8 26.Rfe1 Qc3 27.Re3 Nxe3 28.fxe3 Rd7
29.Qf4 f5 30.h4 e5 31.Qf3 e4 32.Qg3 Qe5 33.Bf4 Qe6 34.Qe1 a5 35.Qe2 b3 36.axb3 Qxb3
37.Qe1 Rb8 38.Ra1 a4 39.Qa5 Qb4 40.Qd5+ Rf7 41.Rc1 Qb7 42.Qd4 Qb2 43.Rc8+  1-0

[Event "Capo d'Orso Open"]
[Site "Porto Mannu Palau ITA"]
[Date "2008.05.24"]
[Round "9"]
[White "Bruno,Fabi"]
[Black "Korneev,O"]
[Result "1/2-1/2"]
[WhiteElo "2450"]
[BlackElo "2651"]

1.Nf3 d5 2.d4 Nf6 3.c4 e6 4.Nc3 c6 5.e3 Nbd7 6.Bd3 dxc4 7.Bxc4 b5 8.Be2 Bb7
9.O-O a6 10.e4 c5 11.e5 Nd5 12.a4 b4 13.Ne4 Qc7 14.Re1 h6 15.Bd2 cxd4 16.Rc1 Qb6
17.Bd3 Nc5 18.Nxc5 Bxc5 19.Qe2 Ne7 20.Rc2 Rc8 21.Rec1 b3 22.a5 Qa7 23.Rc4 Bd5
24.Ra4 O-O 25.Bxa6 Bxf3 26.gxf3 d3 27.Bxd3 Rcd8 28.Be1 Bd4 29.Bc3 Bc5 30.Rg4 Bxf2+  1/2-1/2

[Event "XXVII Open"]
[Site "Zalakarosi HUN"]
[Date "2008.05.24"]
[Round "3"]
[White "Szabo,Ben"]
[Black "Porubszky Angyalosine,M"]
[Result "1/2-1/2"]
[WhiteElo "2216"]
[BlackElo "2119"]

1.d4 d5 2.c4 c6 3.Nc3 Nf6 4.e3 e6 5.Nf3 Bd6 6.Bd3 Nbd7 7.O-O O-O 8.e4 dxe4
9.Nxe4 Nxe4 10.Bxe4 Be7 11.Bc2 Bf6 12.Be3 g6 13.Qe2 Qc7 14.Rfd1 b6 15.Rac1 Bb7
16.b3 Rad8 17.h3 Rfe8 18.Bg5 Bxg5 19.Nxg5 c5 20.Be4 Bxe4 21.Nxe4 Kg7 22.Qb2 cxd4
23.Qxd4+ e5 24.Qd6 Qb7 25.f3 h6 26.Qb4 Qc7 27.Nd6 Rf8 28.Rd2 Qc5+ 29.Qxc5 Nxc5
30.Rcd1 Ne6 31.Rd5 f6 32.Nb5 Rxd5 33.cxd5 Nf4 34.Rd2 Rd8 35.d6 Rd7 36.Kf2 Kf7
37.h4 Ne6 38.Ke3 h5 39.b4 a6 40.Nc3 Nd4 41.Ne4 Nf5+ 42.Kf2 Ke6 43.Rc2 Nxd6
44.Rc6 Ke7 45.Rxb6 Nxe4+ 46.fxe4 Rd2+ 47.Kf3 Rxa2 48.Rb7+  1/2-1/2

[Event "NAO Open"]
[Site "Oklahoma USA"]
[Date "2008.05.25"]
[Round "6"]
[White "Holt,C"]
[Black "Coleman,M"]
[Result "1-0"]
[WhiteElo "2175"]
[BlackElo "2209"]

1.d4 d5 2.Nf3 c6 3.e3 Nf6 4.c4 e6 5.Nc3 Nbd7 6.Bd3 dxc4 7.Bxc4 b5 8.Be2 a6
9.O-O Bb7 10.e4 c5 11.e5 Nd5 12.a4 cxd4 13.Nxd5 Bxd5 14.axb5 Bc5 15.Nxd4 O-O
16.bxa6 Nxe5 17.Nb5 Qb6 18.Nc3 Bb3 19.Qd2 Rfd8 20.Qg5 f6 21.Qg3 Bc2 22.Na4 Bxa4
23.Rxa4 Rd4 24.Rxd4 Bxd4 25.Qa3 Bc5 26.Be3 Bxe3 27.Qxe3 Qxb2 28.f4 Nd7 29.Qxe6+ Kh8
30.Bf3 Qd4+ 31.Kh1 Nc5 32.Qc6 Rd8 33.a7 Nd3 34.a8=Q Nf2+ 35.Rxf2  1-0

[Event "XXVII Open"]
[Site "Zalakarosi HUN"]
[Date "2008.05.25"]
[Round "4"]
[White "Lizak,P"]
[Black "Madl,I"]
[Result "1/2-1/2"]
[WhiteElo "2226"]
[BlackElo "2379"]

1.d4 d5 2.c4 c6 3.Nf3 Nf6 4.Nc3 e6 5.e3 Nbd7 6.Qc2 Bd6 7.b3 O-O 8.Be2 b6
9.O-O Bb7 10.e4 dxe4 11.Nxe4 Be7 12.Bb2 Qc7 13.Nxf6+ Bxf6 14.Bd3 h6 15.Be4 c5
16.Rad1 Rfd8 17.Rfe1 Bxe4 18.Qxe4 a6  1/2-1/2

[Event "17th Open"]
[Site "Chicago USA"]
[Date "2008.05.26"]
[Round "6"]
[White "Quan Zhe"]
[Black "Milman,L"]
[Result "1/2-1/2"]
[WhiteElo "2390"]
[BlackElo "2488"]

1.d4 d5 2.c4 c6 3.Nc3 Nf6 4.e3 e6 5.Nf3 Nbd7 6.Qc2 Bd6 7.b3 O-O 8.Be2 b6
9.O-O Bb7 10.e4 e5 11.exd5 cxd5 12.Nb5 Bb8 13.dxe5 Nxe5 14.Bb2 Re8 15.Nxe5 Bxe5
16.Bf3 a6 17.Bxe5 Rxe5 18.Nd4 Qc7 19.Rac1 dxc4 20.Bxb7 Qxb7 21.Qxc4 Rc5 22.Qa4 Qe4
23.Nc6 Qxa4 24.bxa4 Kf8 25.Rxc5 bxc5 26.Rc1 Nd7 27.Kf1 Re8 28.Rd1 Rc8 29.Rxd7 Rxc6
30.Ra7 Rb6 31.a5 Rb2 32.Rxa6 Rxa2 33.Ra7  1/2-1/2

[Event "17th Open"]
[Site "Chicago USA"]
[Date "2008.05.26"]
[Round "7"]
[White "Quan Zhe"]
[Black "Paragua,M"]
[Result "1/2-1/2"]
[WhiteElo "2390"]
[BlackElo "2538"]

1.d4 d5 2.c4 c6 3.Nc3 Nf6 4.e3 e6 5.Nf3 a6 6.a3 c5 7.dxc5 Bxc5 8.b4 Be7 9.cxd5 exd5
10.Bb2 O-O 11.Be2 Nc6 12.O-O Be6 13.Nd4 Rc8 14.Rc1 Qd7 15.Nxc6 Rxc6 16.b5 Rd6
17.Na4 axb5 18.Nc5 Qe8 19.Qb3 Ne4 20.Bxb5 Nxc5 21.Rxc5 d4 22.Qd3 dxe3 23.Qxe3 Qd8
24.Qg3 f6 25.Rcc1 Kh8 26.a4 Rd5 27.Qc7 Bd6 28.Qxd8 Rxd8 29.Rfe1 Bg8 30.g3 Bc5
31.Bc3 b6 32.Rc2 Rd1 33.Re2 Rxe1+ 34.Rxe1 Bb3 35.a5 bxa5 36.Bxa5  1/2-1/2

[Event "XXVII Open"]
[Site "Zalakarosi HUN"]
[Date "2008.05.26"]
[Round "5"]
[White "Amstadt,A"]
[Black "Feher,G"]
[Result "1/2-1/2"]
[WhiteElo "2063"]
[BlackElo "2390"]

1.d4 d5 2.c4 c6 3.Nc3 Nf6 4.e3 e6 5.Nf3 Nbd7 6.Bd3 dxc4 7.Bxc4 b5 8.Bd3 a6
9.e4 c5 10.d5 c4 11.dxe6 fxe6 12.Bc2 Qc7 13.Ng5 Nb6 14.f4 e5 15.fxe5 Qxe5
16.O-O Bd6 17.Nf3 Qc5+ 18.Kh1 O-O 19.e5 Bxe5 20.Ne4 Nxe4 21.Bxe4 Ra7 22.Qe2 Bd4
23.Bd2 Bg4 24.Bxh7+ Kxh7 25.Qe4+ Bf5 26.Qh4+ Kg8 27.Nxd4 Raf7 28.Rae1 Nd7
29.a3 Qd5 30.Bb4 Be4 31.Rxf7 Rxf7 32.Qd8+ Kh7 33.Qh4+ Kg8 34.Qd8+ Kh7 35.Qh4+  1/2-1/2

[Event "XXVII Open"]
[Site "Zalakarosi HUN"]
[Date "2008.05.26"]
[Round "5"]
[White "Szabo,Ben"]
[Black "Stavrianakis,I"]
[Result "1/2-1/2"]
[WhiteElo "2216"]
[BlackElo "2121"]

1.d4 d5 2.c4 c6 3.e3 Nf6 4.Nf3 e6 5.Nc3 Nbd7 6.Bd3 dxc4 7.Bxc4 b5 8.Bd3 Bd6
9.Bd2 Bb7 10.Rc1 a6 11.O-O c5 12.Ng5 cxd4 13.exd4 Be7 14.Qe2 O-O 15.Rfd1 h6
16.Nf3 Nb6 17.Ne5 b4 18.Ne4 Qd5 19.Nxf6+ Bxf6 20.Nf3 Be7 21.b3 a5 22.Bf4 Rfc8
23.Be5  1/2-1/2

[Event "Mitropa Cup m"]
[Site "Olbia ITA"]
[Date "2008.05.27"]
[Round "3"]
[White "Gonda,L"]
[Black "Godena,M"]
[Result "1-0"]
[WhiteElo "2509"]
[BlackElo "2528"]

1.d4 d5 2.c4 c6 3.Nc3 Nf6 4.e3 e6 5.Nf3 Nbd7 6.Qc2 a6 7.b3 Bb4 8.a3 Bd6 9.Bb2 O-O
10.Bd3 Re8 11.O-O e5 12.cxd5 cxd5 13.e4 exd4 14.Nxd5 Nxd5 15.exd5 Nf6 16.Nxd4 Re5
17.Nf5 Bxf5 18.Bxf5 Rxd5 19.Rad1 Rxd1 20.Rxd1 Qe7 21.Bxf6 Qxf6 22.Bxh7+ Kh8
23.Be4 Bxa3 24.Bxb7 Re8 25.g3 Bb4 26.Qc4 a5 27.Rd7 Re7 28.Rd8+ Kh7 29.Qc8 g6
30.Qh3+  1-0

[Event "TCh-FRA Top 16 Poule Haute"]
[Site "Evry FRA"]
[Date "2008.05.29"]
[Round "8"]
[White "Wirig,A"]
[Black "Tkachiev,V"]
[Result "1/2-1/2"]
[WhiteElo "2477"]
[BlackElo "2657"]

1.d4 d5 2.Nf3 Nf6 3.c4 e6 4.Nc3 c6 5.e3 Nbd7 6.Qc2 Bd6 7.e4 dxe4 8.Nxe4 Nxe4
9.Qxe4 e5 10.c5 Bc7 11.dxe5 Nxc5 12.Qe3 Bb6 13.Be2 Bf5 14.O-O Nd3 15.Qd2 O-O
16.Bxd3 Qxd3 17.Qf4 Rad8 18.Re1 Qc2 19.Be3 Bxe3 20.fxe3 Bg6 21.b4 Rfe8 22.Rac1 Qd3
23.Rc5 a6 24.a4 h6 25.Rec1 Rd5 26.R5c3 Qf5 27.a5 Qd7 28.h3 Bh5 29.g4 Bg6
30.Rc5 Rxc5 31.Rxc5 Qd3 32.Kf2 Be4 33.Kg3 g5 34.Nxg5 hxg5 35.Qxg5+ Bg6 36.h4 Qd8
37.Qf4 Qe7 38.h5 Bh7 39.Qh6 Qe6 40.Qg5+ Kh8 41.Kf4 Bd3 42.e4 Be2 43.Qf6+ Qxf6+
44.exf6 Bxg4 45.Kxg4 Rxe4+ 46.Kf3 Re6 47.Kf4 Rxf6+ 48.Rf5 Rd6 49.Rxf7 Rd4+
50.Kg5 Rxb4 51.Kg6 Kg8 52.Rc7 Rg4+ 53.Kf6 Rf4+ 54.Kg6 Rg4+  1/2-1/2

[Event "XXVII Open"]
[Site "Zalakarosi HUN"]
[Date "2008.05.29"]
[Round "8"]
[White "Luch,M"]
[Black "Amstadt,A"]
[Result "1-0"]
[WhiteElo "2383"]
[BlackElo "2063"]

1.d4 d5 2.c4 e6 3.Nc3 c6 4.e3 Nf6 5.Nf3 Nbd7 6.Qc2 dxc4 7.Bxc4 Bd6 8.e4 e5
9.h3 b5 10.Be2 Bb7 11.Be3 Qe7 12.dxe5 Nxe5 13.Nd4 O-O 14.Nf5 Qc7 15.f4 Nc4
16.Bxc4 Bxf4 17.Bd3 g6 18.Bxf4 Qxf4 19.Rf1 Qe5 20.Ne3 Qd4 21.Qd2 b4 22.Ne2 Qe5
23.Qxb4 Qg5 24.Rf3 Rab8 25.Qe7 Qa5+ 26.b4 Qa3 27.Nc4 Qa4 28.Qxf6  1-0

[Event "TCh-FRA Top 16 Poule Basse"]
[Site "Evry FRA"]
[Date "2008.05.30"]
[Round "9"]
[White "Mchedlishvili,M"]
[Black "Asrian,K"]
[Result "1/2-1/2"]
[WhiteElo "2635"]
[BlackElo "2630"]

1.d4 d5 2.Nf3 c6 3.c4 Nf6 4.Nc3 e6 5.e3 Nbd7 6.Bd3 dxc4 7.Bxc4 b5 8.Bd3 b4
9.Ne4 Nxe4 10.Bxe4 Bb7 11.Qe2 Bd6 12.O-O O-O 13.Rd1 Qe8 14.a3 Nf6 15.Bd3 c5  1/2-1/2

[Event "XXVII Open"]
[Site "Zalakarosi HUN"]
[Date "2008.05.30"]
[Round "9"]
[White "Werner,Di"]
[Black "Nguyen Huynh Minh Huy"]
[Result "1/2-1/2"]
[WhiteElo "2300"]
[BlackElo "2482"]

1.d4 d5 2.c4 c6 3.Nf3 Nf6 4.Nc3 e6 5.e3 a6 6.c5 Nbd7 7.Bd2 g6 8.Be2 Bg7 9.O-O O-O
10.Rc1 Qc7 11.Na4 Ne4 12.Be1 Rb8 13.Nd2 Nxd2 14.Bxd2 e5 15.Bc3 Re8 16.Re1 h5
17.Qd2 Nf6 18.Bf3 e4 19.Be2 Nh7 20.Ba5 Qe7 21.Bb6 Be6 22.Nc3 f5 23.Bf1 g5
24.b4 Rf8 25.a4 f4 26.b5 axb5 27.axb5 f3 28.Ra1 fxg2 29.Bxg2 Ra8 30.Qb2 g4
31.Rxa8 Rxa8 32.Ra1 Rf8 33.bxc6 bxc6 34.Ra7 Qe8 35.Bc7 Ng5 36.Ne2 Nf3+ 37.Kh1 Ne1
38.Nf4 Nd3 39.Qd2 Nxf4  1/2-1/2

[Event "TCh-FRA Top 16 Poule Haute"]
[Site "Evry FRA"]
[Date "2008.05.31"]
[Round "10"]
[White "Wirig,A"]
[Black "Riazantsev,A"]
[Result "0-1"]
[WhiteElo "2477"]
[BlackElo "2638"]

1.d4 Nf6 2.c4 e6 3.Nf3 d5 4.Nc3 c6 5.e3 a6 6.b3 Bb4 7.Bd2 O-O 8.Qc2 Nbd7
9.Bd3 Bd6 10.O-O b6 11.a4 Bb7 12.a5 c5 13.cxd5 exd5 14.axb6 cxd4 15.exd4 Nxb6
16.Na4 Nxa4 17.Rxa4 Ne4 18.Rfa1 Qf6 19.Qa2 Rfc8 20.Be1 Nc3 21.Bxc3 Rxc3 22.Bxa6 Qh6
23.Qd2 Bxh2+ 24.Kf1 Qxd2 25.Nxd2 Bc6 26.g3 Bxa4 27.Rxa4 h5 28.Bb7 Rxa4 29.bxa4 h4
30.a5 Rc1+ 31.Kg2 Bxg3 32.fxg3 Rc2 33.a6 Rxd2+ 34.Kf3 Rd3+ 35.Kg2 Ra3 36.gxh4 Kf8  0-1

[Event "Open"]
[Site "Conegliano ITA"]
[Date "2008.06.01"]
[Round "2"]
[White "Lavric,M"]
[Black "Fontana,E"]
[Result "0-1"]
[WhiteElo "2009"]
[BlackElo "2118"]

1.d4 c6 2.c4 d5 3.e3 Nf6 4.Nc3 e6 5.Nf3 Be7 6.Bd3 Nbd7 7.O-O O-O 8.Qe2 Re8
9.Rd1 dxc4 10.Bxc4 b5 11.Bd3 Bb7 12.e4 b4 13.Na4 Qa5 14.b3 c5 15.Bb2 cxd4
16.Bxd4 e5 17.Be3 Nc5 18.Nxc5 Bxc5 19.Bxc5 Qxc5 20.Rac1 Qe7 21.h3 h6 22.Nh4 g6
23.Nf3 Kg7 24.Nd2 Red8 25.Nc4 Rac8 26.Bb1 Ba6 27.Rxd8 Rxd8 28.Qb2 Rd4 29.Na5 Bb5
30.f3 Nh5 31.Nc6 Bxc6 32.Rxc6 Qg5 33.Rc2 Rd1+ 34.Kf2 Nf4 35.Rd2 Qxg2+ 36.Ke3 Qg1+  0-1

[Event "Open"]
[Site "Conegliano ITA"]
[Date "2008.06.01"]
[Round "3"]
[White "Bozzali,E"]
[Black "Tomio,D"]
[Result "1-0"]
[WhiteElo "2202"]
[BlackElo "1953"]

1.d4 d5 2.Nf3 Nf6 3.c4 c6 4.e3 e6 5.Nc3 Nbd7 6.Qc2 Bd6 7.g4 Nxg4 8.Rg1 Nxh2
9.Nxh2 Bxh2 10.Rxg7 Qf6 11.Rxh7 Rxh7 12.Qxh7 Bc7 13.Bd2 Nf8 14.Qc2 Bb6 15.Na4 Bc7
16.Bb4 Ng6 17.O-O-O Ne7 18.Nc5 b6 19.Nd3 a5 20.Ba3 Bd7 21.cxd5 cxd5 22.Kb1 Rc8
23.Qd2 Nf5 24.Rc1 Bd6 25.Rxc8+ Bxc8 26.Bxd6 Nxd6 27.Ne5 Qd8 28.Qc2 Bd7 29.a3 Qc8
30.Qh7 Ke7 31.Bd3 Qe8 32.Qh4+ Kf8 33.Qf6 Ne4 34.Ng6+  1-0

[Event "Alushta Summer-3"]
[Site "Alushta UKR"]
[Date "2008.06.04"]
[Round "3"]
[White "El Gindy,E"]
[Black "Chos,A"]
[Result "1-0"]
[WhiteElo "2507"]
[BlackElo "2406"]

1.d4 d5 2.c4 c6 3.e3 e6 4.Nc3 Nf6 5.Nf3 Bb4 6.Bd3 O-O 7.O-O Nbd7 8.Qc2 h6
9.Bd2 dxc4 10.Bxc4 b5 11.Be2 Bb7 12.Rfd1 a6 13.Ne5 Qe7 14.Bf3 Nxe5 15.dxe5 Nd7
16.a3 Ba5 17.Ne4 Bxd2 18.Rxd2 Nxe5 19.Be2 c5 20.Qxc5 Qh4 21.Nd6 Bd5 22.f4 Nd7
23.Qc7 Nf6 24.Rf1 Rad8 25.Rd4 e5 26.Nf5  1-0

[Event "ch-CHN w"]
[Site "Beijing CHN"]
[Date "2008.06.04"]
[Round "7"]
[White "Shen Yang"]
[Black "Wang Yu A"]
[Result "1-0"]
[WhiteElo "2439"]
[BlackElo "2387"]

1.d4 d5 2.c4 c6 3.Nf3 Nf6 4.Nc3 e6 5.e3 Nbd7 6.Bd3 dxc4 7.Bxc4 b5 8.Bd3 Bd6
9.O-O O-O 10.e4 e5 11.Bg5 Bb7 12.Rc1 h6 13.Bh4 Re8 14.Re1 a6 15.Bb1 exd4
16.Nxd4 Bf4 17.Rc2 c5 18.Nde2 Bg5 19.Bxg5 hxg5 20.Rd2 b4 21.Na4 Qc7 22.Ng3 Rad8
23.b3 Bc6 24.Nb2 Ne5 25.Rxd8 Qxd8 26.Qc1 Nfd7 27.Rd1 Qf6 28.Nc4 Nxc4 29.Qxc4 Bb5
30.Qd5 Qe5 31.f3 Qf4 32.Kf2 Nf6 33.Qxc5 Ng4+ 34.Kg1 Nxh2 35.Qf2 Qh4 36.Nf5 Qh5
37.Rd5 Nf1 38.g4 Qh3 39.Rxb5 axb5 40.Qxf1 Qxf1+ 41.Kxf1 g6 42.Ne3 Rc8 43.Kf2 Rc1
44.Bd3 Ra1 45.Bxb5 Rxa2+ 46.Kg3 Ra8 47.Nd5 Kg7 48.Bc4 Rb8 49.Kf2  1-0

[Event "58th ch-RUS w HL"]
[Site "Chelyabinsk RUS"]
[Date "2008.06.04"]
[Round "1"]
[White "Savina,A"]
[Black "Charochkina,D"]
[Result "0-1"]
[WhiteElo "2249"]
[BlackElo "2361"]

1.d4 d5 2.c4 c6 3.Nc3 Nf6 4.Nf3 e6 5.e3 Nbd7 6.Qc2 Bd6 7.g4 dxc4 8.Bxc4 e5
9.g5 Nd5 10.Bd2 O-O 11.Nxd5 cxd5 12.Bxd5 exd4 13.O-O-O Nb6 14.Be4 Bg4 15.exd4 Rc8
16.Bc3 Nd5 17.Kb1 Bb4 18.Qb3 Rxc3 19.bxc3 Nxc3+ 20.Kb2 Nxe4 21.Qe3 Bc3+ 22.Kc2 Qa5  0-1

[Event "XXX Nezhmetdinov Mem"]
[Site "Kazan RUS"]
[Date "2008.06.04"]
[Round "4"]
[White "Akhmadeev,Vad"]
[Black "Ospennikov,D"]
[Result "1-0"]
[WhiteElo "2397"]
[BlackElo "2241"]

1.d4 d5 2.c4 c6 3.Nc3 Nf6 4.e3 e6 5.Nf3 Nbd7 6.Qc2 b6 7.Be2 Bb7 8.O-O Bd6
9.e4 dxe4 10.Nxe4 Nxe4 11.Qxe4 Nf6 12.Qc2 h6 13.c5 Bc7 14.Rd1 Qd5 15.a3 O-O
16.b4 a5 17.Bb2 Ba6 18.cxb6 Bxe2 19.Qxe2 Bxb6 20.bxa5 Rxa5 21.Rac1 Qb5 22.Qc2 c5
23.dxc5 Bxc5 24.a4 Qa6 25.Bxf6 gxf6 26.Qd2 Kh7 27.Qf4 Qa7 28.Rf1 f5 29.Rc4 Ra8
30.Qc1 Qe7 31.Qc3 Bd6 32.Qc2 Qa7 33.Rd1 Be5 34.h3 Rg8 35.Nxe5 Rxe5 36.Rc7 Qa8
37.Rxf7+ Kh8 38.f4 Qe4 39.Qb2 Qxf4 40.Re1  1-0

[Event "XXX Nezhmetdinov Mem"]
[Site "Kazan RUS"]
[Date "2008.06.04"]
[Round "4"]
[White "Kamiljanov,T"]
[Black "Efanov,N"]
[Result "0-1"]
[WhiteElo "2206"]
[BlackElo "2348"]

1.d4 d5 2.c4 c6 3.Nf3 Nf6 4.Nc3 e6 5.e3 Nbd7 6.Qc2 Bd6 7.g4 Bb4 8.Bd2 Qe7
9.Rg1 Bxc3 10.Bxc3 Ne4 11.Bd3 Nxc3 12.Qxc3 dxc4 13.Qxc4 e5 14.Bc2 Nb6 15.Qd3 Qb4+
16.Qc3 Nd5 17.Qxb4 Nxb4 18.Bb1 exd4 19.Nxd4 Ke7 20.a3 Nd5 21.Bf5 g6 22.Bxc8 Raxc8
23.Rd1 Rhd8 24.Ke2 c5 25.Nb5 a6 26.Nc3 Nxc3+ 27.bxc3 b5 28.f4 a5 29.Rxd8 Rxd8
30.Rb1 Rb8 31.Kd3 f5 32.gxf5 gxf5 33.e4 fxe4+ 34.Kxe4 Ke6 35.f5+ Kf6 36.Kd5 b4
37.Kxc5 bxc3 38.Rc1 Kxf5 39.a4 c2 40.Kc4 Rc8+ 41.Kd3 Kg4  0-1

[Event "TCh-BIH"]
[Site "Neum BIH"]
[Date "2008.06.05"]
[Round "2"]
[White "Jakovljevic,Vlado"]
[Black "Predojevic,B"]
[Result "0-1"]
[WhiteElo "2453"]
[BlackElo "2641"]

1.Nf3 d5 2.d4 Nf6 3.c4 e6 4.Nc3 c6 5.e3 Nbd7 6.Bd3 dxc4 7.Bxc4 b5 8.Bd3 Bd6
9.O-O O-O 10.e4 e5 11.Bg5 h6 12.Bh4 exd4 13.Ne2 c5 14.Bxb5 Qb6 15.Bd3 Re8
16.Qc2 Ba6 17.Bxf6 Nxf6 18.Nd2 Ng4 19.Ng3 Bxg3 20.hxg3 Bxd3 21.Qxd3 Qxb2
22.Nc4 Qb5 23.Rac1 Rad8 24.Rc2 Qc6 25.f3 Ne5 26.Nxe5 Rxe5 27.Rfc1 Qe6 28.a3 Qe7
29.Qb5 c4 30.Qxc4 Qxa3 31.Re1 d3 32.Ra2 d2 33.Rd1 Qe3+  0-1

[Event "TCh-BIH"]
[Site "Neum BIH"]
[Date "2008.06.05"]
[Round "2"]
[White "Kozul,Z"]
[Black "Georgiev,Vl"]
[Result "1-0"]
[WhiteElo "2583"]
[BlackElo "2572"]

1.d4 d5 2.c4 c6 3.Nc3 Nf6 4.Nf3 e6 5.e3 a6 6.a3 Nbd7 7.Bd3 dxc4 8.Bxc4 c5
9.O-O b5 10.Ba2 Bb7 11.Re1 Qc7 12.e4 cxd4 13.Nd5 Qd8 14.Bg5 h6 15.Bh4 Bc5
16.e5 g5 17.exf6 gxh4 18.Nxd4 Kf8 19.Nf4 Bxd4 20.Qxd4 Nxf6 21.Qb4+ Kg8 22.Nxe6 fxe6
23.Rxe6 Bd5 24.Rxf6 Qxf6 25.Bxd5+ Kh7  1-0

[Event "XXX Nezhmetdinov Mem"]
[Site "Kazan RUS"]
[Date "2008.06.06"]
[Round "6"]
[White "Demianjuk,A"]
[Black "Ospennikov,D"]
[Result "1/2-1/2"]
[WhiteElo "2317"]
[BlackElo "2241"]

1.d4 d5 2.c4 c6 3.Nf3 Nf6 4.Nc3 e6 5.e3 Nbd7 6.Bd3 dxc4 7.Bxc4 b5 8.Bd3 Bb7
9.e4 b4 10.Na4 c5 11.e5 Nd5 12.O-O cxd4 13.Re1 Be7 14.Nxd4 O-O 15.Qg4 Kh8
16.Bd2 N7b6 17.Nxb6 Qxb6 18.Nf3 Rad8 19.Qh3 g6 20.Ng5 h5 21.g4 Qd4 22.gxh5 Nf4
23.Bxf4 Qxd3 24.Qxd3 Rxd3 25.Rad1 Rxd1 26.Rxd1 Bd5 27.h6 f6 28.exf6 Bxf6
29.b3 Rc8 30.Kf1  1/2-1/2

[Event "XXX Nezhmetdinov Mem"]
[Site "Kazan RUS"]
[Date "2008.06.06"]
[Round "6"]
[White "Jusupov,T"]
[Black "Benza,A"]
[Result "0-1"]
[WhiteElo "2092"]
[BlackElo "2335"]

1.d4 Nf6 2.c4 e6 3.Nf3 d5 4.Nc3 c6 5.e3 Nbd7 6.Be2 Bd6 7.O-O O-O 8.b3 Qe7
9.Bb2 Re8 10.Re1 dxc4 11.bxc4 e5 12.Bf1 e4 13.Nd2 Nf8 14.f3 Qc7 15.f4 b6
16.a4 g5 17.g3 h6 18.Bg2 Bf5 19.Ba3 Bxa3 20.Rxa3 gxf4 21.gxf4 Ng6 22.Nf1 Nh4
23.Ng3 Qd7 24.Nxf5 Qxf5 25.Ne2 Kh8 26.Ng3 Qe6 27.Rc3 Rg8 28.Rc2 Rg7 29.c5 Rag8
30.cxb6 axb6 31.Qc1 Rxg3 32.hxg3 Rxg3 33.Kh1 Qg4 34.Qd1 Nf3 35.Bxf3 exf3
36.Rg1 Rh3+ 37.Rh2 Rxh2+  0-1

[Event "TCh-BIH"]
[Site "Neum BIH"]
[Date "2008.06.06"]
[Round "3"]
[White "Berkes,F"]
[Black "Brkic,A"]
[Result "0-1"]
[WhiteElo "2618"]
[BlackElo "2521"]

1.d4 d5 2.c4 c6 3.Nc3 Nf6 4.e3 e6 5.Nf3 Nbd7 6.Bd3 dxc4 7.Bxc4 b5 8.Bd3 Bb7
9.O-O a6 10.a4 b4 11.Ne4 c5 12.Nxf6+ Qxf6 13.Nd2 cxd4 14.Be4 Bxe4 15.Nxe4 Qe5
16.Qf3 Qd5 17.exd4 Be7 18.Be3 O-O 19.Rfc1 Rac8 20.Nd2 Qxf3 21.Nxf3 Nb6 22.b3 Nd5
23.Bd2 Bd6 24.Rxc8 Rxc8 25.Rc1 Rxc1+ 26.Bxc1 f6 27.g3 Kf7 28.Kf1 Kg6 29.Ke2 Kf5
30.Kd3 Kg4 31.Ng1 h5 32.h3+ Kf5 33.Nf3 g5 34.Nd2 g4 35.h4 Bc7 36.Ne4 a5 37.Bh6 Bb6
38.Bf8 e5 39.Bc5 Bc7 40.Bd6 Bb6 41.dxe5 fxe5 42.Bc5 Bc7 43.Ba7 Bd8 44.Nd6+ Ke6
45.Nb7 Bc7 46.Kc4 Nc3 47.Kc5 Kd7 48.Kc4 Kc6 49.Nc5 Nd1 50.Nd3 e4 51.Nf4 Bxf4
52.gxf4 e3 53.fxe3 Nb2+ 54.Kd4 g3 55.e4 g2 56.Ke5 Nd3+  0-1

[Event "58th ch-RUS w HL"]
[Site "Chelyabinsk RUS"]
[Date "2008.06.07"]
[Round "4"]
[White "Malgina Sterliagova,T"]
[Black "Shaidullina,S"]
[Result "0-1"]
[WhiteElo "2352"]
[BlackElo "2298"]

1.d4 d5 2.c4 c6 3.Nf3 Nf6 4.Nc3 e6 5.e3 Nbd7 6.Qc2 Bd6 7.g4 dxc4 8.Bxc4 e5
9.g5 Nd5 10.Ne4 Bb4+ 11.Bd2 Qe7 12.O-O-O O-O 13.Rhg1 Bxd2+ 14.Nexd2 Re8 15.Nxe5 Nxe5
16.dxe5 Nb4 17.Qc3 b5 18.Bb3 Bf5 19.e4 Red8 20.Rg3 Bg4 21.Re1 a5 22.a3 c5
23.Kb1 c4 24.Nxc4 bxc4 25.Bxc4 Nc6 26.f4 Be6 27.Bxe6 Qxe6 28.f5 Qe8 29.e6 fxe6
30.g6 h6 31.f6 Qd7 32.f7+ Kf8 33.Rh3 e5 34.Qc5+ Qd6 35.Rc1 Qxc5 36.Rxc5 Ne7
37.Rg3 Rd6 38.Rxe5 Nxg6 39.Rf5 Re6 40.Kc2 Ne5 41.b4 axb4 42.axb4 g6 43.Rf1 Rc6+
44.Rc3 Rxc3+ 45.Kxc3 Nxf7 46.b5 Rb8 47.Kc4 Ke7 48.Kc5 Nd6 49.b6 Nc8 50.Kc6 Rxb6+
51.Kc7 Rf6  0-1

[Event "ch-URU"]
[Site "Montevideo URU"]
[Date "2008.06.07"]
[Round "10"]
[White "Lopez Falcon,J"]
[Black "Donatti,A"]
[Result "1-0"]
[WhiteElo "2158"]
[BlackElo "2209"]

1.d4 d5 2.c4 e6 3.Nc3 Nf6 4.Nf3 c6 5.e3 Nbd7 6.Bd3 Bd6 7.O-O O-O 8.e4 dxe4
9.Nxe4 Nxe4 10.Bxe4 e5 11.dxe5 Nxe5 12.Nxe5 Bxe5 13.Bxh7+ Kxh7 14.Qh5+ Kg8
15.Qxe5 Re8 16.Qc3 Bf5 17.Be3 Qd3 18.Rac1 b6 19.Qxd3 Bxd3 20.Rfd1 Rad8 21.c5 b5
22.h3 a5 23.a3 Bc4 24.g4 Kh7 25.Kh2 Rxd1 26.Rxd1 Bd5 27.Kg3 Re4 28.Rd2 f6
29.Bd4 Kg6 30.f3 Re1 31.h4 Kf7 32.h5 a4 33.f4 Re4 34.g5 fxg5 35.fxg5 Be6
36.g6+ Kf8 37.Bc3 Rg4+ 38.Kf3 Rh4 39.Rd8+ Ke7 40.Rh8 Bg4+ 41.Kg3 Rxh5 42.Rh7 Be2
43.Rxg7+ Kf8 44.Rb7 Rg5+ 45.Kf2 Bc4 46.g7+ Kg8 47.Ke3 Bd5 48.Kf4 Rg2 49.Ke5 Rxg7
50.Rb8+ Kf7 51.Kd6 Rg6+ 52.Kd7 Rg8 53.Rb7 Rg2 54.Kd6+ Ke8 55.Re7+ Kf8 56.Rh7 Re2
57.Rh8+ Kf7 58.Kc7 Re7+ 59.Kb6 Ke6 60.Rc8 Rh7 61.Rxc6+  1-0

[Event "TCh-BIH"]
[Site "Neum BIH"]
[Date "2008.06.07"]
[Round "4"]
[White "Kozul,Z"]
[Black "Solak,D"]
[Result "1-0"]
[WhiteElo "2583"]
[BlackElo "2630"]

1.d4 d5 2.c4 e6 3.Nf3 Nf6 4.Nc3 c6 5.e3 Nbd7 6.Bd3 a6 7.e4 dxc4 8.Bxc4 b5
9.Bb3 b4 10.e5 bxc3 11.exf6 cxb2 12.fxg7 Bxg7 13.Bxb2 c5 14.O-O Bb7 15.Rb1 cxd4
16.Nxd4 Rg8 17.g3 Nc5 18.Nxe6 Nxe6 19.Ba4+ Ke7 20.Ba3+ Kf6 21.Rxb7 Qxd1 22.Rxd1 Rab8
23.Ra7 Ra8 24.Rad7 Rgc8 25.Bb3 Kg6 26.f4 Bf8 27.Bxf8 Rxf8 28.R1d6 Kf6 29.g4 Rg8
30.g5+ Kg6 31.Bc2+ Kh5 32.Bd1+ Kg6 33.h4 Rgd8 34.h5+ Kg7 35.Bb3 Rxd7 36.Rxd7 Re8
37.Kf2 a5 38.Kg3 Kg8 39.Kg4 a4 40.Bd5 Kf8 41.h6 a3 42.Ra7 Kg8 43.Rxa3 Kh8
44.Re3 f5+ 45.Kg3 Nc7 46.Rxe8+ Nxe8 47.Bc6 Nc7 48.a4 Nd5 49.a5 Nc3 50.a6 Nd5
51.a7 Ne7 52.Be8  1-0

[Event "FSIM June"]
[Site "Budapest HUN"]
[Date "2008.06.08"]
[Round "2"]
[White "Werner,Di"]
[Black "Vas,P SWE"]
[Result "1-0"]
[WhiteElo "2300"]
[BlackElo "2196"]

1.d4 d5 2.c4 e6 3.Nf3 Nf6 4.Nc3 c6 5.e3 Nbd7 6.Qc2 Bd6 7.Bd3 Qe7 8.O-O O-O
9.e4 dxc4 10.Bxc4 e5 11.Be3 exd4 12.Bxd4 Ne5 13.Be2 Nxf3+ 14.Bxf3 Bxh2+ 15.Kxh2 Qd6+
16.e5 Qxd4 17.exf6 Qxf6 18.Rae1 Be6 19.Qe4 Rad8 20.Rd1 Rde8 21.Qd4 Qg5 22.Kg1 f5
23.Rfe1 Rf6 24.Re5 Rh6 25.g3 Rf8 26.Rde1 Bf7 27.Ne4 Qg6 28.Nc5 Bxa2 29.b3 f4
30.Qc4+ Kh8 31.Qxf4 Kg8 32.Qxf8+ Kxf8 33.Nd7+ Kg8 34.Re8+ Qxe8 35.Rxe8+ Kf7
36.Rb8 Bxb3 37.Rxb7 Bd5 38.Nb6+ Kf6 39.Nxd5+ cxd5 40.Rxa7 d4 41.Rd7 Ke5 42.Rxg7 Rd6
43.Re7+ Kf6 44.Rxh7  1-0

[Event "National Open"]
[Site "Las Vegas USA"]
[Date "2008.06.08"]
[Round "6"]
[White "Petrosian,TL"]
[Black "Pruess,D"]
[Result "1-0"]
[WhiteElo "2616"]
[BlackElo "2425"]

1.d4 d5 2.c4 e6 3.Nc3 c6 4.Nf3 Nf6 5.e3 Nbd7 6.Qc2 Bd6 7.g4 h6 8.Bd2 dxc4
9.Bxc4 b5 10.Be2 Bb7 11.e4 Be7 12.g5 hxg5 13.Nxg5 Kf8 14.Rg1 b4 15.Na4 c5
16.e5 Ne8 17.Nxf7 Kxf7 18.Qg6+ Kf8 19.Qxe6 cxd4 20.Qf5+ Ndf6 21.exf6 Nxf6
22.Nc5 Bd5 23.Rc1 a5 24.h4 Qe8 25.Bg5 Rd8 26.Rg3 Qf7 27.b3 Bd6 28.Rd3 Bxc5
29.Rxc5 Be4 30.Rxd4 Bxf5 31.Rxd8+ Ne8 32.Bc4 Qg6 33.Re5  1-0

[Event "XXX Nezhmetdinov Mem"]
[Site "Kazan RUS"]
[Date "2008.06.09"]
[Round "9"]
[White "Zabotin,A"]
[Black "Efanov,N"]
[Result "1/2-1/2"]
[WhiteElo "2496"]
[BlackElo "2348"]

1.d4 d5 2.c4 c6 3.Nc3 Nf6 4.e3 e6 5.Nf3 Nbd7 6.Qc2 Bd6 7.Be2 dxc4 8.Bxc4 a6
9.O-O b5 10.Be2 Bb7 11.e4 e5 12.Rd1 Qc7 13.g3 O-O 14.Bg5 h6 15.dxe5 Bxe5
16.Nxe5 hxg5 17.Nxd7 Nxd7 18.Qd2 Nf6 19.Qxg5 b4 20.Na4 Nxe4 21.Qf5 c5 22.Rd7 Qc6
23.Rxb7 Qxb7 24.Bf3 Rae8 25.Nxc5 Nd6 26.Qf4 Qe7 27.Nxa6 b3 28.axb3 Qe5 29.Qxe5 Rxe5
30.b4 Nc4 31.Ra2 Rd8 32.b3 Nd2 33.Bc6 Nxb3 34.Rb2 Nd4 35.b5 Nxc6 36.bxc6 Re1+
37.Kg2 Rc1 38.c7 Rc8 39.Rd2 R1xc7 40.Nxc7 Rxc7 41.h4 g6  1/2-1/2